Metals handbook : Vol-1 properties and selection: Irons and steel (Record no. 60994)
[ view plain ]
| 000 -LEADER | |
|---|---|
| fixed length control field | 01772cam a2200301 a 4500 |
| 001 - CONTROL NUMBER | |
| control field | 1319903 |
| 003 - CONTROL NUMBER IDENTIFIER | |
| control field | NUST-PNEC |
| 005 - DATE AND TIME OF LATEST TRANSACTION | |
| control field | 20170116180712.0 |
| 008 - FIXED-LENGTH DATA ELEMENTS--GENERAL INFORMATION | |
| fixed length control field | 780711m19781989ohua bf 001 0 eng |
| 010 ## - LIBRARY OF CONGRESS CONTROL NUMBER | |
| LC control number | 78014934 |
| 020 ## - INTERNATIONAL STANDARD BOOK NUMBER | |
| International Standard Book Number | 0871700077 |
| 040 ## - CATALOGING SOURCE | |
| Transcribing agency | PNEC |
| 050 00 - LIBRARY OF CONGRESS CALL NUMBER | |
| Classification number | TA459 |
| Item number | .M43 1978 |
| 082 00 - DEWEY DECIMAL CLASSIFICATION NUMBER | |
| Classification number | 669.0202 BRU |
| Edition number | 19 |
| 100 ## - MAIN ENTRY--PERSONAL NAME | |
| 9 (RLIN) | 569 |
| Personal name | Bruce P. Bardes |
| 245 00 - TITLE STATEMENT | |
| Title | Metals handbook : Vol-1 properties and selection: Irons and steel |
| Statement of responsibility, etc. | prepared under the direction of the ASM Handbook Committee. |
| 250 ## - EDITION STATEMENT | |
| Edition statement | 9th ed. |
| 260 ## - PUBLICATION, DISTRIBUTION, ETC. | |
| Place of publication, distribution, etc. | Metals Park, Ohio : |
| Name of publisher, distributor, etc. | American Society for Metals, |
| Date of publication, distribution, etc. | c1978-c1989. |
| 300 ## - PHYSICAL DESCRIPTION | |
| Extent | 816 p.. : |
| Other physical details | ill. ; |
| Dimensions | 29 cm. |
| 500 ## - GENERAL NOTE | |
| General note | Includes Index http://www.amazon.com/Metals-Handbook-Vol-Properties-Selection-/dp/0871700077/ref=sr_1_1?s=books&ie=UTF8&qid=1413202358&sr=1-1&keywords=0871700077 |
| 504 ## - BIBLIOGRAPHY, ETC. NOTE | |
| Bibliography, etc. note | Includes bibliographies and indexes. |
| 505 0# - FORMATTED CONTENTS NOTE | |
| Formatted contents note | v. 1. Properties and selection--irons and steels -- v. 2. Properties and selection--nonferrous alloys and pure metals -- v. 3. Properties and selection--stainless steels, tool materials, and special purpose metals -- v. 4. Heat treating -- v. 5. Surface cleaning, finishing, and coating -- v. 6. Welding, brazing, and soldering -- v. 7. Powder metallurgy -- v. 8. Mechanical testing -- v. 9. Metallography and microstructures -- v. 10. Materials characterization -- v. 11. Failure analysis and prevention -- v. 12. Fractography -- v. 13. Corrosion -- v. 14. Forming and forging -- v. 15. Casting -- v. 16. Machining -- v. 17. Nondestructive evaluation and quality control. |
| 650 #0 - SUBJECT ADDED ENTRY--TOPICAL TERM | |
| Topical term or geographic name entry element | Metals |
| General subdivision | ME |
| 710 2# - ADDED ENTRY--CORPORATE NAME | |
| Corporate name or jurisdiction name as entry element | ASM Handbook Committee. |
| 710 2# - ADDED ENTRY--CORPORATE NAME | |
| Corporate name or jurisdiction name as entry element | ASM International. |
| Subordinate unit | Handbook Committee. |
| 906 ## - LOCAL DATA ELEMENT F, LDF (RLIN) | |
| a | 7 |
| b | cbc |
| c | orignew |
| d | 1 |
| e | ocip |
| f | 19 |
| g | y-gencatlg |
| 942 ## - ADDED ENTRY ELEMENTS (KOHA) | |
| Source of classification or shelving scheme | |
| Koha item type | Book |
| Withdrawn status | Lost status | Source of classification or shelving scheme | Damaged status | Not for loan | Permanent Location | Current Location | Shelving location | Date acquired | Source of acquisition | Cost, normal purchase price | Total Checkouts | Full call number | Barcode | Date last seen | Cost, replacement price | Price effective from | Koha item type |
|---|---|---|---|---|---|---|---|---|---|---|---|---|---|---|---|---|---|
| Pakistan Navy Engineering College (PNEC) | Pakistan Navy Engineering College (PNEC) | Reference | 06/02/1985 | Sasi Book Store | 1445.00 | 669.0202 | PNECLIB-006476 | 10/13/2014 | 1445.00 | 06/02/1985 | Book |
